Methyl isobutyl ketone

Saved in:
Bibliographic Details
Corporate Author: International Programme on Chemical Safety
Format: Book
Language:English
Published: Geneva : World Health Organization, c1990
Series:Environmental health criteria ; ; 117
Subjects:
Tags: Add Tag
No Tags, Be the first to tag this record!

MARC

LEADER 00000nam a2200000 i 4500
001 1/68565
008 940418s eng d
020 |a 92-4-157117-9 
035 |a ΛΕΣΒΟΣb10002092  |l 10002092 
040 |a GR-MY-UA  |b gre  |e aacr 
041 0 |a eng 
082 0 |a 547.636 
110 2 |a International Programme on Chemical Safety. 
245 1 0 |a Methyl isobutyl ketone /  |c International Programme on Chemical Safety 
260 |a Geneva :   |b World Health Organization,   |c c1990 
300 |a 79 p. 
490 1 |a Environmental health criteria  |v ; 117 
500 |a Includes bibliographical references 
650 0 0 |a Ketones. 
650 0 0 |a Environmental health. 
830 0 |a Environmental health criteria ;  |v ; 117 
852 |a INST  |b LESVOS  |e 19940418  |h 547.636 MET  |p 005100005922  |q 005100005922  |t BK  |y 0 
909 |a Λ  |b 027524